000 00333nam a2200121Ia 4500
008 220217s9999 xx 000 0 und d
245 0 _aMethods of Test for Vulcanized Rubbers. Part II. Hardness.
260 _c1965
500 _aStandard number: IS 3400 (Part II)
650 _aHardness
650 _aVulcanized rubber
942 _cST
999 _c73650
_d73650